| 000 | 01009nam a22002537a 4500 | ||
|---|---|---|---|
| 005 | 20170124102930.0 | ||
| 010 | _aB-068684 | ||
| 020 |
_c00.00 _a8173914753 |
||
| 035 | _aB-068684 | ||
| 037 | _bCen Lib/Ret | ||
| 040 |
_aDPL _bHN |
||
| 082 |
_a070.442 _bगुप्ताओ |
||
| 100 |
_aगुप्ता, ओम _944926 |
||
| 245 |
_aराजनैतिक मीडिया लेखन / _cओम गुप्ता |
||
| 246 |
_aRajnaitik media lekhan / _bby Om Gupta |
||
| 260 |
_bकनिष्क पब्लिशर्स _aनई दिल्ली _c2002 |
||
| 270 |
_a4697/5-21 ए, अंसारी रोड, दरियागंज _bनई दिल्ली _e110002 |
||
| 300 |
_aviii,116पृ. _c21सेमी (सजिल्द) |
||
| 650 |
_aमीडिया _944927 |
||
| 650 |
_aमीडिया लेखन _91413 |
||
| 650 |
_aMedia _944928 |
||
| 650 |
_aMedia writing _944929 |
||
| 942 |
_2ddc _cHN _h070.442 _mगुप्ताओ |
||
| 999 |
_c111890 _d111890 |
||